Modely vládnych koalícií v Českej republike - politický aspekt

Príspevok sa zaoberá modelmi politických koalícií v Českej republike, ktoré bolo možné na základe ideologickej orientácie politických strán, resp. na základe ich vzťahu k politickému systému považovať za pravdepodobné. Ideologická a programová blízkosť je len teoretickou možnosťou, ktorá nie je v re...

Ausführliche Beschreibung

Gespeichert in:
Bibliographische Detailangaben
1. Verfasser: Kucharčík, Rudolf, 1977-
Format: Buchkapitel
Sprache:Slowakisch
Schlagworte:
Tags: Tag hinzufügen
Keine Tags, Fügen Sie das erste Tag hinzu!

MARC

LEADER 00000nla a2200000 4500
001 0241973
005 20240502073935.1
041 0 |a slo 
044 |a SK 
245 1 0 |a Modely vládnych koalícií v Českej republike - politický aspekt  |c Rudolf Kucharčík 
520 |a Príspevok sa zaoberá modelmi politických koalícií v Českej republike, ktoré bolo možné na základe ideologickej orientácie politických strán, resp. na základe ich vzťahu k politickému systému považovať za pravdepodobné. Ideologická a programová blízkosť je len teoretickou možnosťou, ktorá nie je v reálnej politike vždy využívaná, aj keď môže byť očakávaná. 
610 2 0 |a strany politické 
610 2 0 |a koalícia 
610 2 0 |a vývoj 
610 2 0 |a voľby 
610 2 0 |a Česko 
100 1 |a Kucharčík, Rudolf, 1977-